| 000 | 00589nam a2200229 i 4500 | ||
|---|---|---|---|
| 001 | bg | ||
| 100 | 1 | _aKWIATKOWSKI, Cezary | |
| 245 | 1 | 0 |
_aDlaczego ludzie boją się sukcesu / _cCezary Kwiatkowski. |
| 260 |
_aŁódź : _b"Ravi", _c1997. |
||
| 300 |
_a244 s. : _brys. ; _c21 cm. |
||
| 650 | 9 |
_aSukces _xpsychologia |
|
| 650 | 9 | _aSamorealizacja | |
| 650 | 9 | _aSamopoznanie | |
| 650 | 9 | _aPsychofizjologia | |
| 020 | _a838599758X | ||
| 040 | _cBPK | ||
| 041 | 0 | _apl | |
| 080 | _a159.9:37.041 | ||
| 920 | _a83-85997-58-X | ||
| 942 | _cKS | ||
| 008 | s pl f |000 0 pol | ||
| 999 |
_c33579 _d33579 |
||
| 856 |
_uhttp://koha.tu.koszalin.pl/cgi-bin/koha/opac-detail.pl?biblionumber=33579 _yKatalog online BPK |
||